Enfers - Statistiques

Statistiques générales
  • Ce quiz a été pris 292 fois
  • Le résultat moyen est 13 sur 30
Statistiques - réponses
Hint Réponse % Correct
Roi des Enfers, dieu des morts Hadès
99%
Reine des Enfers, déesse des saisons Perséphone
94%
Gardien des Enfers, chien à trois têtes Cerbère
86%
Fleuve de la haine Styx
79%
Fils de ce dernier, dit au talon fragile Achille
72%
Endroit où vont les mauvaises âmes Tartare
70%
Passeur des âmes Charon
69%
Déesse de la nuit, parfois associée aux Enfers Nyx
61%
Endroit où vont les bonnes âmes Champs Élysées
56%
Héros devant capturer Cerbère Héraclès
56%
Supplicié poussant un rocher pour l’éternité Sisyphe
56%
Héros entrant dans les Enfers pour sauver sa femme Orphée
55%
Serviteur du roi des Enfers, dieu de la mort Thanatos
54%
Supplicié condamné à la faim et la soif Tantale
46%
Juge des Enfers, père d’Ariane Minos
43%
Fleuve de l’oubli Léthé
33%
Suppliciées remplissant un tonneau percé Danaïdes
31%
Nymphe trempant son fils dans le fleuve de la haine Thétis
30%
Héros voulant capturer la reine des Enfers Thésée
25%
Divinités persécutrices au service du roi des Enfers Érinyes
20%
Fleuve de la douleur et du chagrin Achéron
19%
Juge des Enfers, frère de ce dernier Rhadamanthe
18%
Mégère
17%
Nom de ces trois divinités vengeresses Alecto
15%
Juge des Enfers, fils de Zeus et d’Égine Éaque
15%
Supplicié enchaîné à une roue de flammes Ixion
14%
Fleuve des flammes Phlégéthon
10%
Fleuve des lamentations et des larmes Cocyte
9%
Tisiphone
9%
Fille des deux derniers, déesse de la mort heureuse Macaria
6%
Aucun quiz correspondant
Distribution des résultats
% des personnes avec chaque résultat
Percentile par nombre de réponses
Votre historique - résultats
Vous n’avez pas pris ce quiz